000
00300nam a2200109Ia 4500
008
220214s9999 xx 000 0 und d
245
0
_a
Southern Economist
260
_b
Southern Economist
_a
Bangalore
500
_a
Ending Volume & Year: 5, 1966
500
_a
Starting Volume & Year: 3, 1964
942
_c
BJ
999
_c
4192
_d
4192